000
00323nam a2200121Ia 4500
008
151213s9999 xx 000 0 und d
245
_a
অনুভব্ েছুয়েছি তোমায়।
260
_a
ঢাকা
_c
2006
300
_a
8788 p.
650
_a
Bangla
650
_a
কবিতা
999
_c
4573
_d
4573